000
00207 a2200097 4500
001
5907
100
_a
Ladner,AW
245
_a
Short Wave W/Less communication
260
_a
_b
Chapman
_c
090
_c
4823
_d
4823
942
_a
NUST-CAE
_c
M
_c
31182
999
_c
240980
_d
240980